| 000 | 02022nam a22002537a 4500 | ||
|---|---|---|---|
| 005 | 20260126152142.0 | ||
| 008 | 251210t20251209xxk|||||o|||| 00| 0 eng d | ||
| 041 | _aeng | ||
| 110 | _aRoyal Institution of Chartered Surveyors | ||
| 245 |
_aResidential Stock Condition Surveys: _bRICS Consultation Draft |
||
| 260 |
_aLondon, _bRoyal Institution of Chartered Surveyors, _cDecember 2025 |
||
| 490 | _aRICS Consultation | ||
| 520 | _aThe proposed RICS Residential stock condition survey code of practice 1st edition, is a comprehensive guide outlining key concepts of a stock condition survey, legal and regulatory frameworks, how to prepare for a survey, useful information around post-survey tasks and on implementing changes for the next phase of stock condition surveys that will improve the process and likelihood of a successful outcome. The code has been developed not just for RICS members and member firms but for housing associations, combined and local authorities, arms-length management organisations (ALMOs) and other organisations involved in stock condition surveys. By having a consistent code that can be used across all housing, we are ensuring that the highest levels of professionalism and integrity can apply. While the geographic scope of this standard is England and Wales, many of the principles are globally applicable and may support RICS members outside these jurisdictions. Consultation opened 8 December 2025 and closes 27 January 2025 | ||
| 650 | _aHOUSING STANDARDS | ||
| 650 | _aSTOCK CONDITION SURVEYS | ||
| 650 | _aRESIDENTIAL PROPERTY | ||
| 650 | _aSOCIAL HOUSING | ||
| 651 | _aUnited Kingdom | ||
| 690 |
_aBuilding surveying _96225 |
||
| 710 | _aRoyal Institution of Chartered Surveyors | ||
| 856 |
_uhttps://consultations.rics.org/stockconditionsurveys/consultationHome _zConsultation homepage |
||
| 856 |
_uhttps://consultations.rics.org/gf2.ti/f/1792802/269844517.1/PDF/-/Residential%20stock%20condition%20survey_iConsult.pdf _zConsultation draft |
||
| 942 | _n0 | ||
| 999 |
_c122229 _d122229 |
||